| 000 | 00824nam a22002177a 4500 | ||
|---|---|---|---|
| 003 | OSt | ||
| 005 | 20260312082642.0 | ||
| 008 | 260312b |||||||| |||| 00| 0 eng d | ||
| 020 | _a0-440-23768-8 | ||
| 040 |
_aDWCL GS lib _cOC |
||
| 082 | _aL934g 1993 | ||
| 100 | _aLOWRY, LOIS | ||
| 245 |
_aThe giver _cLOIS LOWRY |
||
| 260 |
_aNew York _bDell Laurel-Leaf _c1993 |
||
| 300 |
_a179 p _c18cm |
||
| 520 | _a a dystopian novel about 12-year-old Jonas, who lives in a "utopian" society free of pain, color, and emotion, managed by "Sameness". | ||
| 650 | _aprofound wisdom, and the heavy burden of holding humanity's collective memories. | ||
| 650 | _aa life without pain, conflict, or freedom is not truly worth living, as it requires sacrificing love, joy, and humanity. | ||
| 700 | _aLOIS LOWRY | ||
| 942 |
_2ddc _cFIC. _n0 |
||
| 999 |
_c9060 _d9060 |
||